<?xml version="1.0" encoding="UTF-8"?>
<record
    xmlns:xsi="http://www.w3.org/2001/XMLSchema-instance"
    xsi:schemaLocation="http://www.loc.gov/MARC21/slim http://www.loc.gov/standards/marcxml/schema/MARC21slim.xsd"
    xmlns="http://www.loc.gov/MARC21/slim">

  <leader>00861cam6a220020500 4500</leader>
  <controlfield tag="001">tmp15751952</controlfield>
  <controlfield tag="003">UPRA</controlfield>
  <controlfield tag="005">20190816101058.0</controlfield>
  <controlfield tag="008">951019s1896    po                  por u</controlfield>
  <datafield tag="035" ind1=" " ind2=" ">
    <subfield code="a">(Sirsi) r39244</subfield>
  </datafield>
  <datafield tag="035" ind1=" " ind2=" ">
    <subfield code="a">(UPRA)tmp15751952</subfield>
  </datafield>
  <datafield tag="040" ind1=" " ind2=" ">
    <subfield code="c">UPRA</subfield>
  </datafield>
  <datafield tag="100" ind1="2" ind2=" ">
    <subfield code="a">Campos Junior, Antonio de, 1850-1917.</subfield>
    <subfield code="d">Campos Junior, Antonio de, 1850-1917.</subfield>
    <subfield code="6">A92938.1</subfield>
  </datafield>
  <datafield tag="245" ind1="1" ind2="0">
    <subfield code="a">Victorias d'Africa :</subfield>
    <subfield code="b">a defeza de Lourenco Marques et as campanhas do valle do incomati e do paiz de Gaza, 1894-1895.</subfield>
  </datafield>
  <datafield tag="260" ind1=" " ind2=" ">
    <subfield code="a">Lisboa :</subfield>
    <subfield code="b">Typ.- Rua do Norte,</subfield>
    <subfield code="c">1896.</subfield>
  </datafield>
  <datafield tag="500" ind1=" " ind2=" ">
    <subfield code="a">At head of title: Antonio de Campos Junior.</subfield>
  </datafield>
  <datafield tag="651" ind1=" " ind2="0">
    <subfield code="a">Mozambique -- Military history -- 19th century.</subfield>
    <subfield code="x">Mozambique -- Military history -- 19th century.</subfield>
    <subfield code="y">Mozambique -- Military history -- 19th century.</subfield>
    <subfield code="6">S66551.1</subfield>
  </datafield>
  <datafield tag="949" ind1=" " ind2=" ">
    <subfield code="a">DT463</subfield>
    <subfield code="w">lcc</subfield>
    <subfield code="i">-47148</subfield>
    <subfield code="m">MAIN</subfield>
    <subfield code="t">BOOK</subfield>
    <subfield code="l">ON-SHELF</subfield>
  </datafield>
  <controlfield tag="004">39244</controlfield>
  <datafield tag="999" ind1=" " ind2=" ">
    <subfield code="c">85922</subfield>
    <subfield code="d">85922</subfield>
  </datafield>
</record>
